000 00493nam a2200193Ia 4500
005 20250923144736.0
008 008 250917s9999 xx 000 0 eng d
037 _aTextual
040 _aDSWL
_beng
_cDSWL
041 _aeng
_2eng
084 _qDSWL
245 0 _aAfrican home side and suicide
_cEd. by Paul Bohannan
260 _aNew Jersey
_b Prenceton Vly Press
_c1960
300 _axx,270,22p.
365 _aUSD
_b6
925 _g6
942 _cTEXL
999 _c1442771
_d1442771